Little Rock Nine / (Record no. 1959)

MARC details
000 -LEADER
fixed length control field 02356cam a22003374a 4500
001 - CONTROL NUMBER
control field 1959
003 - CONTROL NUMBER IDENTIFIER
control field FISKH
005 - DATE AND TIME OF LATEST TRANSACTION
control field 20250714103432.0
008 - FIXED-LENGTH DATA ELEMENTS--GENERAL INFORMATION
fixed length control field 031120s2002 nyua 000 0 eng
010 ## - LIBRARY OF CONGRESS CONTROL NUMBER
LC control number 2003278610
020 ## - INTERNATIONAL STANDARD BOOK NUMBER
International Standard Book Number 043935188X
020 ## - INTERNATIONAL STANDARD BOOK NUMBER
International Standard Book Number 9780439351881
040 ## - CATALOGING SOURCE
Original cataloging agency DLC
Transcribing agency DLC
Modifying agency DLC
Language of cataloging eng
042 ## - AUTHENTICATION CODE
Authentication code pcc
043 ## - GEOGRAPHIC AREA CODE
Geographic area code n-us-ar
050 00 - LIBRARY OF CONGRESS CALL NUMBER
Classification number LC214.23.L56
Item number C53 2002
082 00 - DEWEY DECIMAL CLASSIFICATION NUMBER
Classification number 379.2/63/0976773
Edition number 22
100 1# - MAIN ENTRY--PERSONAL NAME
Personal name Clark, Carolyn.
245 10 - TITLE STATEMENT
Title Little Rock Nine /
Statement of responsibility, etc. by Carolyn Clark.
260 ## - PUBLICATION, DISTRIBUTION, ETC.
Place of publication, distribution, etc. New York :
Name of publisher, distributor, etc. Scholastic,
Date of publication, distribution, etc. 2002.
300 ## - PHYSICAL DESCRIPTION
Extent 16 pages :
Other physical details illustrations ;
Dimensions 25 cm
505 ## - FORMATTED CONTENTS NOTE
Formatted contents note U<br/>
520 ## - SUMMARY, ETC.
Summary, etc. Please note that the content of this book primarily consists of articles available from Wikipedia or other free sources online. The Little Rock Nine were a group of African-American students who were enrolled in Little Rock Central High School in 1957. The ensuing Little Rock Crisis, in which the students were initially prevented from entering the racially segregated school by Arkansas Governor Orval Faubus, and then attended after the intervention of President Eisenhower, is considered to be one of the most important events in the African-American Civil Rights Movement. The U.S. Supreme Court issued its historic Brown v. Board of Education, 347 U.S. 483, on May 17, 1954. The decision declared all laws establishing segregated schools to be unconstitutional, and it called for the desegregation of all schools throughout the nation. After the decision the National Association for the Advancement of Colored People attempted to register black students in previously all-white schools in cities throughout the South. In Little Rock, the capital city of Arkansas, the Little Rock School Board agreed to comply with the high court's ruling. Virgil Blossom, the Superintendent of Schools, submitted a plan of gradual integration to the school board on May 24, 1955, which the board unanimously approved.
521 8# - TARGET AUDIENCE NOTE
Target audience note 840<br/>
Source Lexile<br/>
521 8# - TARGET AUDIENCE NOTE
Target audience note U<br/>
Source Raz-Plus<br/>
650 #0 - SUBJECT ADDED ENTRY--TOPICAL TERM
Topical term or geographic name entry element School integration
Geographic subdivision Arkansas
-- Little Rock
General subdivision History
Chronological subdivision 20th century
Form subdivision Juvenile literature.
650 #0 - SUBJECT ADDED ENTRY--TOPICAL TERM
Topical term or geographic name entry element African American students
Geographic subdivision Arkansas
-- Little Rock
General subdivision History
Chronological subdivision 20th century
Form subdivision Juvenile literature.
906 ## - LOCAL DATA ELEMENT F, LDF (RLIN)
a 7
b cbc
c orignew
d 3
e ncip
f 20
g y-gencatlg
942 ## - ADDED ENTRY ELEMENTS (KOHA)
Source of classification or shelving scheme Dewey Decimal Classification
Koha item type Books
Suppress in OPAC No
Holdings
Withdrawn status Lost status Source of classification or shelving scheme Damaged status Not for loan Collection Home library Current library Shelving location Date acquired Total Checkouts Full call number Barcode Date last seen Copy number Price effective from Koha item type
    Dewey Decimal Classification     Non-Fiction Footprints International School Library Network Toul Kork Campus Footprints International School Library Network Toul Kork Campus A TK Campus, 4th Floor, Room B401, Non-Fiction Bookcases(7-8) 10/20/2023   CLA 379.2 LC214.L56 FISTK05527 10/20/2023 1 10/20/2023 Books
    Dewey Decimal Classification     Non-Fiction Footprints International School Library Network Toul Kork Campus Footprints International School Library Network Toul Kork Campus TTP Secondary Non-Fiction Bookshelves 10/20/2023   CLA 379.2 LC214.L56 FISSE01270 12/13/2024 2 10/20/2023 Books
    Dewey Decimal Classification     Non-Fiction Footprints International School Library Network Toul Kork Campus Footprints International School Library Network Toul Kork Campus TTP Secondary Non-Fiction Bookshelves 10/20/2023   CLA 379.2 LC214.L56 FISSE01689 12/13/2024 3 10/20/2023 Books
    Dewey Decimal Classification     Non-Fiction Footprints International School Library Network Toul Kork Campus Footprints International School Library Network Toul Kork Campus A TK Campus, 4th Floor, Room B401, Non-Fiction Bookcases(7-8) 07/14/2025   CLA 379.2 LC214.L56 FISTK04841 07/14/2025 4 07/14/2025 Books